000 00679cam a2200229 4500500
005 20260329003358.0
041 _afre
042 _adc
100 1 0 _aPortevin, Catherine
_eauthor
245 0 0 _aPierre Bayard, Clément Rosset. Les visiteurs du soi
260 _c2015.
500 _a16
690 _aClément Rosset
690 _aFiction
690 _aIdentité
690 _aphilosophie
690 _aPierre Bayard
690 _aPsychanalyse
690 _aRéalité
786 0 _nPhilosophie magazine | 91 | 8 | 2015-07-01 | p. 32-35 | 1951-1787
856 4 1 _uhttps://shs.cairn.info/magazine-philosophie-magazine-2015-8-page-32?lang=fr&redirect-ssocas=7080
999 _c1824054
_d1824054